| 000 | 00552nam a2200229Ia 4500 | ||
|---|---|---|---|
| 005 | 20250425161816.0 | ||
| 008 | 250425s9999 xx 000 0 und d | ||
| 020 | _a8448110544 | ||
| 041 | _aspa | ||
| 043 | _asp | ||
| 082 | _a005.132 | ||
| 100 | _aMASO, BRIAN | ||
| 245 | 0 | _aMANUAL DE MICROSOFT VISUAL J++ | |
| 250 | _a1A ED. | ||
| 260 |
_aEspaƱa _bMASO, BRIAN _c1997 |
||
| 260 |
_aMADRID _bMCGRAW-HILL |
||
| 300 | _a394 | ||
| 650 | _aJAVA (LENGUAJE DE PROGRAMACION) | ||
| 650 | _aMICROSOFT VISUAL J++ | ||
| 942 | _c01 | ||
| 010 | _a30562 | ||
| 999 |
_c216538 _d216538 |
||